000 01301cam a22003374a 4500
999 _c328614
_d328614
001 15024310
003 Nust
005 20170412151904.0
008 070927r20071910pk b 001 0 eng
010 _a 2007432777
020 _a9789693520019
020 _a9693520017
025 _aP-E-2007432777; 20
040 _aDLC
_cDLC
041 1 _aeng
_hara
042 _alcode
043 _aa-ii---
050 0 0 _aDS425
_b.B5713 2007
082 _a954
_bBER
100 0 _aBīrūnī, Muḥammad ibn Aḥmad,
240 1 0 _aTārīkh al-Hind.
_lEnglish
245 1 0 _aAlberuni's India :
_ban account of the religion, philosophy, literature, geography, chronology, astronomy, customs, laws, and astrology of India, about A.D. 1030 /
_cedited, with notes and indices by Edward C. Sachau.
260 _aLahore :
_bSang-e-Meel Publications,
_c2007.
300 _a2 v. in 1 (752 p.) ;
_c24 cm.
500 _aOriginally published: London : K. Paul, Trench, Trübner & Co., 1910.
504 _aIncludes bibliographical references and index.
546 _aTranslated from Arabic.
651 0 _aIndia
_xCivilization.
700 1 _aSachau, Eduard,
_d1845-1930.
906 _a7
_bcbc
_corigode
_d3
_encip
_f20
_gy-gencatlg
942 _2ddc
_cBK